| 000 | 00653nam a2200193 i 4500 | ||
|---|---|---|---|
| 001 | 172440 | ||
| 003 | ES-MaACL | ||
| 005 | 20250824042316.0 | ||
| 008 | 090707s1980 fr |||| | fre d | ||
| 020 | _a2-85704-092-x | ||
| 080 | _a725.822(443.611Châtelet)(091) | ||
| 100 | 1 |
_aChardans, Jean-Louis. _9140975 |
|
| 245 | 1 | 0 |
_aLe Châtelet _b: de la prison au théâtre... / _cJean Louis Chardans. |
| 260 |
_aParis : _bPygmalion, _c1980. |
||
| 300 |
_a209 p. [24] p. de lám. ; _c25 cm. |
||
| 610 | 2 | 7 |
_aThéâtre du Châtelet _2 _9140976 |
| 852 |
_aES-MaACL _jE-12755 _9R.139199 _z.- Biblioteca Jacinto Martínez Lacalle |
||
| 999 |
_c172440 _d172440 |
||